Brothers : a novel / Da Chen.
Available copies
- 1 of 1 copy available at LARL/NWRL Consortium.
- 1 of 1 copy available at Lake Agassiz Regional Library. (Show preferred library)
Current holds
0 current holds with 1 total copy.
Show Only Available Copies
| Location | Call Number / Copy Notes | Barcode | Shelving Location | Status | Due Date |
|---|---|---|---|---|---|
| Crookston Public Library | CHE (Text) | 33500008996209 | Main | Available | - |
Record details
- ISBN: 1400097282
- Physical Description: 421 p. ; 25 cm.
- Edition: 1st ed.
- Publisher: New York : Shaye Areheart Books, c2006.
Search for related items by subject
| Subject: | Stepbrothers > Fiction. China > History > Cultural Revolution, 1966-1976 > Fiction. |
| Genre: | Historical fiction. |
| LDR | 01118nam a22003138a 4500 | ||
|---|---|---|---|
| 001 | 70438 | ||
| 003 | LARL_NWRL_CONSORTIUM | ||
| 005 | 20060629100152.0 | ||
| 008 | 051213s2006 nyu 000 1 eng | ||
| 010 | . | ‡a2005036267 | |
| 020 | . | ‡a1400097282 | |
| 035 | . | ‡a(OCoLC)62616003 | |
| 040 | . | ‡aDLC ‡cDLC ‡dBAKER | |
| 043 | . | ‡aa-cc--- | |
| 082 | 0 | 0. | ‡a813/.6 ‡222 |
| 100 | 1 | . | ‡aChen, Da, ‡d1962- ‡0(LARL_NWRL_CONSORTIUM)135493 |
| 245 | 1 | 0. | ‡aBrothers : ‡ba novel / ‡cDa Chen. |
| 250 | . | ‡a1st ed. | |
| 260 | . | ‡aNew York : ‡bShaye Areheart Books, ‡cc2006. | |
| 263 | . | ‡a0609 | |
| 300 | . | ‡a421 p. ; ‡c25 cm. | |
| 650 | 0. | ‡aStepbrothers ‡vFiction. | |
| 651 | 0. | ‡aChina ‡xHistory ‡yCultural Revolution, 1966-1976 ‡vFiction. | |
| 655 | 7. | ‡aHistorical fiction. ‡2gsafd | |
| 901 | . | ‡a70438 ‡bOCLC ‡c70438 ‡tbiblio | |

Add to basket
Permalink
Disable Highlighting